| 000 | 00774nam a2200241 a 4500 | ||
|---|---|---|---|
| 001 | BRL_899 | ||
| 005 | 20190320210938.0 | ||
| 008 | 231013s1996----mx-#######---#000-0#spa-# | ||
| 020 | _a9686806709 | ||
| 041 | _aspa | ||
| 044 | _amx | ||
| 050 | 4 |
_aGR115.5.H53 _b.C67 1996 |
|
| 245 | 1 | 0 |
_aSierra Encantada _bLeyendas _cHerlindo Corona Reyes (compilador). |
| 260 |
_aQuerétaro _bGobierno del Estado de Hidalgo, Sistema de Educación Pública de Hidalgo : Consejo Estatal para la Cultura y las Artes _c1996 |
||
| 300 |
_a132 p. _c21 cm. |
||
| 440 | 0 |
_aColección Tremolina _925270 |
|
| 500 | _aAu1021 | ||
| 650 | 1 | 4 |
_aLeyendas _zHidalgo (México) _925271 |
| 650 | 1 | 4 |
_aLeyendas mexicanas _925272 |
| 700 | 1 |
_aCorona Reyes, Herlindo _925273 |
|
| 902 | _aGRL | ||
| 942 |
_2lcc _cB |
||
| 999 |
_c9711 _d9711 |
||